[Event "Grand Swiss "]
[Date "2025.09.06"]
[White "Mamedov, Rauf"]
[Black "Xu, Xiangyu"]
[WhiteElo "2651"]
[BlackElo "2615"]
[Round "3.3.50"]
[Result "1-0"]

1. e4 {[%clk 01:40:54]} c5 {[%clk 01:40:53] [%emt 00:00:12]} 2. Nf3 {[%clk
01:41:19]} d6 {[%clk 01:41:18] [%emt 00:00:10]} 3. d4 {[%clk 01:41:42]} cxd4
{[%clk 01:41:41] [%emt 00:00:13]} 4. Nxd4 {[%clk 01:42:09]} Nf6 {[%clk 01:42:03]
[%emt 00:00:12]} 5. Nc3 {[%clk 01:42:35]} Nc6 {[%clk 01:42:26] [%emt 00:00:11]}
6. Bg5 {[%clk 01:43:00]} Bd7 {[%clk 01:42:50] [%emt 00:00:12]} 7. Qd2 {[%clk
01:43:21]} a6 {[%clk 01:43:12] [%emt 00:00:16]} 8. O-O-O {[%clk 01:43:04]} e6
{[%clk 01:43:37] [%emt 00:00:53]} 9. Kb1 {[%clk 01:43:24]} Be7 {[%clk 01:43:59]
[%emt 00:00:17]} 10. Nxc6 {[%clk 01:43:08]} Bxc6 {[%clk 01:44:22] [%emt
00:00:53]} 11. f3 {[%clk 01:43:27]} h6 {[%clk 01:44:45] [%emt 00:00:18]} 12. Bf4
{[%clk 01:39:41]} d5 {[%clk 01:44:45] [%emt 00:04:46]} 13. Qe1 {[%clk 01:39:11]}
O-O {[%clk 01:42:23] [%emt 00:03:51]} 14. exd5 {[%clk 01:31:57] [%emt 00:07:45]}
Bxd5 {[%clk 01:38:41] [%emt 00:04:12]} 15. Nxd5 {[%clk 01:24:52] [%emt
00:07:36]} exd5 {[%clk 01:39:03] [%emt 00:00:08]} 16. g4 {[%clk 01:17:18] [%emt
00:08:03]} Bd6 {[%clk 01:36:47] [%emt 00:02:46]} 17. Bc1 {[%clk 01:13:20] [%emt
00:04:28]} Qc7 {[%clk 01:29:31] [%emt 00:07:46]} 18. g5 {[%clk 01:06:22] [%emt
00:07:29]} hxg5 {[%clk 01:29:50] [%emt 00:00:11]} 19. Bxg5 {[%clk 01:06:27]
[%emt 00:00:25]} Nh7 {[%clk 01:27:46] [%emt 00:02:34]} 20. Bc1 {[%clk 00:56:27]
[%emt 00:10:30]} Bf4 {[%clk 01:27:51] [%emt 00:00:25]} 21. Rxd5 {[%clk 00:50:41]
[%emt 00:06:16]} Rfe8 {[%clk 00:45:22] [%emt 00:42:57]} 22. Qd1 {[%clk 00:50:41]
[%emt 00:00:31]} Bxc1 {[%clk 00:45:33] [%emt 00:00:19]} 23. Qxc1 {[%clk
00:51:05] [%emt 00:00:06]} Rad8 {[%clk 00:45:59] [%emt 00:00:04]} 24. Rxd8
{[%clk 00:48:42] [%emt 00:02:53]} Qxd8 {[%clk 00:43:35] [%emt 00:02:54]} 25. Bd3
{[%clk 00:36:45] [%emt 00:12:27]} Qh4 {[%clk 00:43:49] [%emt 00:00:15]} 26. Be4
{[%clk 00:20:37] [%emt 00:16:39]} b5 {[%clk 00:43:39] [%emt 00:00:40]} 27. Qd2
{[%clk 00:19:03] [%emt 00:02:04]} Nf6 {[%clk 00:43:23] [%emt 00:00:45]} 28. Bd3
{[%clk 00:17:23] [%emt 00:02:11]} g6 {[%clk 00:41:04] [%emt 00:02:49]} 29. a3
{[%clk 00:16:50] [%emt 00:01:03]} Kg7 {[%emt 00:02:07]} 30. Rg1 {[%clk 00:09:59]
[%emt 00:03:10]} Qd4 31. Rd1 {[%emt 00:08:17]} Re3 {[%clk 00:34:10] [%emt
00:02:41]} 32. Qa5 {[%emt 00:08:16]} Qd6 {[%clk 00:25:49] [%emt 00:01:49]} 33.
f4 {[%emt 00:02:20]} Rh3 {[%emt 00:01:09]} 34. Qd2 {[%clk 00:06:28] [%emt
00:02:58]} Nh5 {[%clk 00:23:44] [%emt 00:00:25]} 35. f5 {[%emt 00:07:52]} Nf4
{[%clk 00:08:30] [%emt 00:08:27]} 36. fxg6 {[%clk 00:06:50] [%emt 00:00:04]}
fxg6 {[%clk 00:08:58] [%emt 00:00:02]} 37. Be4 {[%clk 00:01:46] [%emt 00:05:33]}
Qxd2 {[%clk 00:08:27] [%emt 00:01:01]} 38. Rxd2 {[%emt 00:05:15]} Kh6 {[%clk
00:03:20] [%emt 00:00:25]} 39. c3 {[%clk 00:02:12] [%emt 00:00:31]} Re3 {[%clk
00:00:59] [%emt 00:02:51]} 40. Bb7 {[%clk 00:02:41] [%emt 00:00:02]} a5 {[%clk
00:01:23] [%emt 00:00:06]} 41. Bc6 {[%clk 00:00:55] [%emt 00:02:15]} Re5 {[%clk
00:01:46] [%emt 00:00:07]} 42. b4 {[%clk 00:49:11] [%emt 00:02:15]} axb4 {[%clk
00:51:44] [%emt 00:00:31]} 43. axb4 {[%clk 00:47:16] [%emt 00:02:25]} g5 {[%clk
00:52:11] [%emt 00:00:03]} 44. Kc2 {[%clk 00:47:04] [%emt 00:00:42]} g4 {[%clk
00:49:33] [%emt 00:03:08]} 45. Kb3 {[%clk 00:46:28] [%emt 00:01:06]} Kg5 {[%clk
00:44:33] [%emt 00:05:31]} 46. Rd8 {[%clk 00:42:16] [%emt 00:04:41]} 1-0

[Site "Europe Echecs"]

[Event "Grand Swiss "]
[Date "2025.09.06"]
[White "Muradli, Mahammad"]
[Black "Indjic, Aleksandar"]
[WhiteElo "2590"]
[BlackElo "2650"]
[Round "3.3.51"]
[Result "1/2-1/2"]

1. d4 {[%clk 01:40:47] [%emt 00:00:11]} Nf6 {[%clk 01:40:36] [%emt 00:00:24]} 2.
c4 {[%clk 01:41:10] [%emt 00:00:08]} e6 {[%clk 01:40:51] [%emt 00:00:15]} 3. Nf3
{[%clk 01:41:25] [%emt 00:00:15]} c5 {[%clk 01:40:59] [%emt 00:00:22]} 4. d5
{[%clk 01:41:40] [%emt 00:00:15]} d6 {[%clk 01:41:22] [%emt 00:00:07]} 5. Nc3
{[%clk 01:41:45] [%emt 00:00:24]} exd5 {[%clk 01:41:46] [%emt 00:00:08]} 6. cxd5
{[%clk 01:42:01] [%emt 00:00:13]} g6 {[%clk 01:42:09] [%emt 00:00:07]} 7. h3
{[%clk 01:41:50] [%emt 00:00:41]} Bg7 {[%clk 01:42:30] [%emt 00:00:09]} 8. Bf4
{[%clk 01:42:07] [%emt 00:00:13]} O-O {[%clk 01:42:50] [%emt 00:00:10]} 9. e3
{[%clk 01:42:15] [%emt 00:00:22]} Ne8 {[%clk 01:42:53] [%emt 00:00:27]} 10. Qd2
{[%clk 01:42:28] [%emt 00:00:17]} Nd7 {[%clk 01:43:04] [%emt 00:00:20]} 11. e4
{[%clk 01:42:50] [%emt 00:00:07]} Nef6 {[%clk 01:43:30] [%emt 00:00:04]} 12. Bd3
{[%clk 01:32:39] [%emt 00:10:41]} c4 {[%clk 01:43:40] [%emt 00:00:20]} 13. Bc2
{[%clk 01:29:06] [%emt 00:04:03]} Nc5 {[%clk 01:44:04] [%emt 00:00:06]} 14. O-O
{[%clk 01:25:34] [%emt 00:04:03]} b5 {[%clk 01:43:49] [%emt 00:00:45]} 15. a3
{[%clk 01:17:40] [%emt 00:08:24]} Qb6 {[%clk 01:41:13] [%emt 00:03:05]} 16. Bh6
{[%clk 01:11:01] [%emt 00:07:08]} a5 {[%clk 01:40:13] [%emt 00:01:31]} 17. Rfe1
{[%clk 00:44:59] [%emt 00:26:32]} Bd7 {[%clk 01:30:14] [%emt 00:10:28]} 18. Bxg7
{[%clk 00:37:49] [%emt 00:07:41]} Kxg7 {[%clk 01:28:18] [%emt 00:02:26]} 19. e5
{[%clk 00:38:16] [%emt 00:00:03]} dxe5 {[%clk 01:28:41] [%emt 00:00:07]} 20.
Nxe5 {[%clk 00:38:41] [%emt 00:00:06]} b4 {[%clk 01:25:26] [%emt 00:03:45]} 21.
Ne4 {[%clk 00:37:15] [%emt 00:01:54]} Ncxe4 {[%clk 01:11:59] [%emt 00:13:57]}
22. Bxe4 {[%clk 00:37:38] [%emt 00:00:09]} Rac8 {[%clk 01:05:30] [%emt
00:06:59]} 23. Rac1 {[%clk 00:36:27] [%emt 00:01:40]} Bb5 {[%clk 00:52:05] [%emt
00:13:55]} 24. axb4 {[%clk 00:18:54] [%emt 00:18:04]} Rfe8 {[%clk 00:51:08]
[%emt 00:01:26]} 25. bxa5 {[%clk 00:12:29] [%emt 00:06:56]} Qd6 {[%clk 00:51:12]
[%emt 00:00:24]} 26. Qh6+ {[%clk 00:12:55] [%emt 00:00:06]} Kg8 {[%clk 00:51:28]
[%emt 00:00:13]} 27. Bf5 {[%clk 00:12:41] [%emt 00:00:45]} Rc7 {[%clk 00:31:09]
[%emt 00:20:48]} 28. Nxf7 {[%clk 00:08:57] [%emt 00:04:15]} Rxe1+ {[%clk
00:28:41] [%emt 00:02:58]} 29. Rxe1 {[%clk 00:09:25] [%emt 00:00:01]} Kxf7
{[%clk 00:28:14] [%emt 00:00:57]} 30. Be6+ {[%clk 00:06:37] [%emt 00:03:18]} Ke8
{[%clk 00:28:24] [%emt 00:00:20]} 31. Qg5 {[%clk 00:06:07] [%emt 00:01:00]} Nh5
{[%clk 00:26:12] [%emt 00:02:43]} 32. Bg4+ {[%clk 00:00:49] [%emt 00:05:48]} Re7
{[%clk 00:25:54] [%emt 00:00:46]} 33. Re6 {[%clk 00:01:15] [%emt 00:00:04]} Rxe6
{[%clk 00:21:03] [%emt 00:05:22]} 34. dxe6 {[%clk 00:01:44] [%emt 00:00:02]} Bc6
{[%clk 00:20:30] [%emt 00:01:03]} 35. a6 {[%clk 00:00:35] [%emt 00:01:39]} Qf4
{[%clk 00:19:44] [%emt 00:01:16]} 36. Qc5 {[%clk 00:00:31] [%emt 00:00:33]} Qc1+
{[%clk 00:17:49] [%emt 00:02:25]} 37. Kh2 {[%clk 00:01:01] [%emt 00:00:01]} Qf4+
{[%clk 00:18:11] [%emt 00:00:08]} 38. Kg1 {[%clk 00:01:27] [%emt 00:00:04]} Qc1+
{[%clk 00:18:32] [%emt 00:00:09]} 39. Kh2 {[%clk 00:01:55] [%emt 00:00:02]} Qf4+
{[%clk 00:18:52] [%emt 00:00:10]} 40. Kg1 {[%clk 00:01:17] [%emt 00:01:08]}
1/2-1/2

[Site "Europe Echecs"]

[Event "Grand Swiss "]
[Date "2025.09.06"]
[White "Xiong, Jeffery"]
[Black "Wagner, Dennis"]
[WhiteElo "2640"]
[BlackElo "2608"]
[Round "3.3.52"]
[Result "1-0"]

1. d4 {[%clk 01:40:54] [%emt 00:00:05]} Nf6 {[%clk 01:40:46] [%emt 00:00:15]} 2.
c4 {[%clk 01:41:18] [%emt 00:00:05]} e6 {[%clk 01:41:09] [%emt 00:00:08]} 3. Nc3
{[%clk 01:41:30] [%emt 00:00:17]} Bb4 {[%clk 01:41:15] [%emt 00:00:25]} 4. f3
{[%clk 01:41:34] [%emt 00:00:26]} c5 {[%clk 01:40:59] [%emt 00:00:46]} 5. a3
{[%clk 01:41:36] [%emt 00:00:28]} Bxc3+ {[%clk 01:29:34] [%emt 00:11:55]} 6.
bxc3 {[%clk 01:42:01] [%emt 00:00:04]} d6 {[%clk 01:25:28] [%emt 00:04:37]} 7.
e4 {[%clk 01:42:17] [%emt 00:00:13]} Nc6 {[%clk 01:25:40] [%emt 00:00:19]} 8.
Be3 {[%clk 01:42:28] [%emt 00:00:18]} b6 {[%clk 01:21:30] [%emt 00:04:41]} 9.
Bd3 {[%clk 01:42:40] [%emt 00:00:17]} Na5 {[%clk 01:14:43] [%emt 00:07:18]} 10.
Ne2 {[%clk 01:42:51] [%emt 00:00:17]} Ba6 {[%clk 01:12:20] [%emt 00:02:54]} 11.
O-O {[%clk 01:42:44] [%emt 00:00:37]} Rc8 {[%clk 01:08:15] [%emt 00:04:35]} 12.
Bg5 {[%clk 01:34:31] [%emt 00:08:42]} h6 {[%clk 00:59:27] [%emt 00:09:19]} 13.
Bh4 {[%clk 01:34:41] [%emt 00:00:19]} g5 {[%clk 00:47:29] [%emt 00:12:30]} 14.
Be1 {[%clk 01:29:27] [%emt 00:05:44]} Nd7 {[%clk 00:43:00] [%emt 00:04:59]} 15.
f4 {[%clk 01:24:04] [%emt 00:05:53]} Bxc4 {[%clk 00:42:49] [%emt 00:00:41]} 16.
Ng3 {[%clk 01:19:43] [%emt 00:04:50]} gxf4 {[%clk 00:26:20] [%emt 00:17:00]} 17.
Bxc4 {[%clk 01:04:01] [%emt 00:16:12]} Nxc4 {[%clk 00:26:44] [%emt 00:00:05]}
18. Rxf4 {[%clk 01:04:23] [%emt 00:00:08]} h5 {[%clk 00:25:42] [%emt 00:01:32]}
19. Qf3 {[%clk 00:55:45] [%emt 00:09:08]} Qg5 {[%clk 00:24:20] [%emt 00:01:52]}
20. Nf5 {[%clk 00:38:41] [%emt 00:17:34]} exf5 {[%clk 00:17:50] [%emt 00:07:01]}
21. Bh4 {[%clk 00:39:07] [%emt 00:00:03]} Qh6 {[%clk 00:16:37] [%emt 00:01:43]}
22. exf5 {[%clk 00:39:34] [%emt 00:00:03]} O-O {[%clk 00:12:24] [%emt 00:04:44]}
23. g4 {[%clk 00:19:14] [%emt 00:20:49]} cxd4 {[%clk 00:08:18] [%emt 00:04:36]}
24. g5 {[%clk 00:18:07] [%emt 00:01:37]} Qh8 {[%clk 00:08:41] [%emt 00:00:07]}
25. cxd4 {[%clk 00:18:21] [%emt 00:00:16]} Rfe8 {[%clk 00:05:28] [%emt
00:03:43]} 26. g6 {[%clk 00:15:22] [%emt 00:03:29]} Qg7 {[%clk 00:01:45] [%emt
00:04:14]} 27. Kh1 {[%clk 00:15:45] [%emt 00:00:06]} f6 {[%clk 00:01:35] [%emt
00:00:41]} 28. Bf2 {[%clk 00:13:40] [%emt 00:02:34]} b5 {[%clk 00:01:16] [%emt
00:00:50]} 29. Rh4 {[%clk 00:12:43] [%emt 00:01:26]} Ndb6 {[%clk 00:01:42] [%emt
00:00:05]} 30. Rd1 {[%clk 00:11:14] [%emt 00:01:59]} Nb2 {[%clk 00:00:42] [%emt
00:01:30]} 31. Rg1 {[%clk 00:10:24] [%emt 00:01:19]} Qe7 {[%clk 00:00:45] [%emt
00:00:27]} 32. Qb3+ {[%clk 00:01:18] [%emt 00:09:37]} N2c4 {[%clk 00:01:07]
[%emt 00:00:08]} 33. Rxh5 {[%clk 00:01:20] [%emt 00:00:28]} Qe4+ {[%clk
00:00:41] [%emt 00:00:56]} 34. Rg2 {[%clk 00:01:48] [%emt 00:00:01]} Nd5 {[%clk
00:00:37] [%emt 00:00:34]} 35. Rh8+ {[%clk 00:01:04] [%emt 00:01:14]} Kg7 {[%clk
00:01:07]} 36. Rh7+ {[%clk 00:01:29] [%emt 00:00:06]} Kf8 {[%clk 00:01:05] [%emt
00:00:33]} 37. Rf7+ {[%clk 00:01:07] [%emt 00:00:50]} Kg8 {[%clk 00:01:34]} 38.
Qh3 {[%clk 00:01:26] [%emt 00:00:13]} Qxg2+ {[%clk 00:01:26] [%emt 00:00:38]}
39. Qxg2 {[%clk 00:01:53] [%emt 00:00:02]} Nce3 {[%clk 00:01:16] [%emt
00:00:41]} 40. Qh3 {[%clk 00:02:04] [%emt 00:00:19]} Rc1+ {[%clk 00:01:41] [%emt
00:00:05]} 41. Bg1 {[%clk 00:02:28] [%emt 00:00:05]} 1-0

[Site "Europe Echecs"]

[Event "Grand Swiss "]
[Date "2025.09.06"]
[White "Jobava, Baadur"]
[Black "Bacrot, Etienne"]
[WhiteElo "2590"]
[BlackElo "2637"]
[Round "3.3.53"]
[Result "1/2-1/2"]

1. e4 {[%clk 01:40:50] [%emt 00:00:09]} e6 {[%clk 01:40:54] [%emt 00:00:07]} 2.
d4 {[%clk 01:40:56] [%emt 00:00:24]} d5 {[%clk 01:41:17] [%emt 00:00:06]} 3. Nd2
{[%clk 01:41:12] [%emt 00:00:14]} c5 {[%clk 01:41:27] [%emt 00:00:20]} 4. Ngf3
{[%clk 01:41:25] [%emt 00:00:18]} cxd4 {[%clk 01:41:36] [%emt 00:00:21]} 5. Nxd4
{[%clk 01:41:43] [%emt 00:00:12]} Nc6 {[%clk 01:41:55] [%emt 00:00:11]} 6. Bb5
{[%clk 01:41:55] [%emt 00:00:17]} Bd7 {[%clk 01:42:19] [%emt 00:00:06]} 7. Nxc6
{[%clk 01:42:15] [%emt 00:00:11]} bxc6 {[%clk 01:42:43] [%emt 00:00:06]} 8. Bd3
{[%clk 01:42:37] [%emt 00:00:07]} Qc7 {[%clk 01:41:55] [%emt 00:01:19]} 9. Qe2
{[%clk 01:42:36] [%emt 00:00:31]} Ne7 {[%clk 01:42:18] [%emt 00:00:06]} 10. Nf3
{[%clk 01:33:12] [%emt 00:09:54]} Ng6 {[%clk 01:40:01] [%emt 00:02:47]} 11. O-O
{[%clk 01:18:22] [%emt 00:15:21]} Be7 {[%clk 01:31:17] [%emt 00:09:13]} 12. Re1
{[%clk 01:08:27] [%emt 00:10:25]} O-O {[%clk 01:27:06] [%emt 00:04:41]} 13. e5
{[%clk 00:56:41] [%emt 00:12:17]} c5 {[%clk 01:25:53] [%emt 00:01:42]} 14. h4
{[%clk 00:41:01] [%emt 00:16:10]} c4 {[%clk 01:12:39] [%emt 00:13:45]} 15. Bxg6
{[%clk 00:41:10] [%emt 00:00:20]} fxg6 {[%clk 01:13:07] [%emt 00:00:03]} 16. Bg5
{[%clk 00:40:54] [%emt 00:00:45]} Bc5 {[%clk 01:04:09] [%emt 00:09:29]} 17. Be3
{[%clk 00:38:32] [%emt 00:02:52]} Be7 {[%clk 01:03:57] [%emt 00:00:41]} 18. Rad1
{[%clk 00:27:46] [%emt 00:11:16]} h6 {[%clk 01:02:09] [%emt 00:02:19]} 19. Rd4
{[%clk 00:25:39] [%emt 00:02:37]} Rab8 {[%clk 00:46:36] [%emt 00:16:03]} 20. c3
{[%clk 00:23:54] [%emt 00:02:14]} Qb7 {[%clk 00:46:12] [%emt 00:00:54]} 21. Bc1
{[%clk 00:22:15] [%emt 00:02:09]} Be8 {[%clk 00:46:31] [%emt 00:00:11]} 22. Qc2
{[%clk 00:10:37] [%emt 00:12:09]} Qa6 {[%clk 00:38:21] [%emt 00:08:40]} 23. Rg4
{[%clk 00:09:36] [%emt 00:01:31]} Bc5 {[%clk 00:35:41] [%emt 00:03:09]} 24. b4
{[%clk 00:07:48] [%emt 00:02:18]} cxb3 {[%clk 00:31:21] [%emt 00:04:51]} 25.
axb3 {[%clk 00:08:14] [%emt 00:00:04]} Rf5 {[%clk 00:31:48] [%emt 00:00:03]} 26.
b4 {[%clk 00:07:17] [%emt 00:01:26]} Bb6 {[%clk 00:31:04] [%emt 00:01:14]} 27.
Be3 {[%clk 00:06:10] [%emt 00:01:37]} Bxe3 {[%clk 00:24:33] [%emt 00:07:02]} 28.
Rxe3 {[%clk 00:06:24] [%emt 00:00:16]} Rc8 {[%clk 00:24:35] [%emt 00:00:27]} 29.
Nd4 {[%clk 00:05:56] [%emt 00:00:58]} Qa1+ {[%clk 00:24:13] [%emt 00:00:53]} 30.
Kh2 {[%clk 00:06:22] [%emt 00:00:04]} Rc4 {[%clk 00:24:38] [%emt 00:00:05]} 31.
Reg3 {[%clk 00:02:04] [%emt 00:04:48]} Rh5 {[%clk 00:24:06] [%emt 00:01:02]} 32.
Nxe6 {[%clk 00:01:19] [%emt 00:01:15]} Rxh4+ {[%clk 00:22:23] [%emt 00:02:13]}
33. Rxh4 {[%clk 00:01:45] [%emt 00:00:04]} Rxh4+ {[%clk 00:22:49] [%emt
00:00:04]} 34. Rh3 {[%clk 00:02:13] [%emt 00:00:01]} Rxh3+ {[%clk 00:22:35]
[%emt 00:00:44]} 35. gxh3 {[%clk 00:00:50] [%emt 00:01:54]} Qe1 {[%clk 00:15:49]
[%emt 00:07:16]} 36. f4 {[%clk 00:01:16] [%emt 00:00:04]} Qe3 {[%clk 00:14:46]
[%emt 00:01:32]} 37. Qg2 {[%clk 00:00:48] [%emt 00:00:59]} Bf7 {[%clk 00:15:08]
[%emt 00:00:08]} 38. Qxd5 {[%clk 00:00:55] [%emt 00:00:23]} Qf2+ {[%clk
00:14:43] [%emt 00:00:53]} 39. Kh1 {[%clk 00:01:22] [%emt 00:00:04]} Qf1+ {[%emt
00:00:20]} 1/2-1/2

[Site "Europe Echecs"]